01571nam a22003857a 4500003000500000005001700005008004100022010001000063011001000073035001000083040000900093090001000102100004200112245011400154260004000268300001000308502010300318590003700421590004100458590004100499590004100540590004200581650002300623650003900646650004100685650003600726650003100762901000700793942000900800949004300809949005500852999001700907952013300924952012801057CHAP20220329135941.0971013s1995 r 00010 d a44569 a45541 a49680 cCHAP aTesis00aSantillán Rivera, Cutberto.9102431 aEstudio seroepidemiológico de brucelosis en ganado Holstein Fresian en 5 establos de Gómez Palacios, Dgo. aBermejillo, Dgo. :bEl autor,c1995 a58 h. aTesis (Ing. Agr. Esp. en Sistemas Pecuarios de Zonas Aridas) -- UACH. Departamento de Zonas Aridas aALEPHb10c20130110lUCH01h1314 aBATCH-UPDb10c20130110lUCH01h1633 aBATCH-UPDb10c20130410lUCH01h1024 aBATCH-UPDb10c20130914lUCH01h0753 aCONVERSIONb10c20130109lUCH01h132414aBrucelosis.91573414aGanado Holstein - Friesian.94514814aGanado lecheroxEnfermedades.94526014aGanado lecherozDurango.94531214aSerodiagnóstico.9105179 aBK cFOLL bBCcTESd-112002eTS1h28104i49680si bBCcTESd33724000006672eTS2fc.2h28105i49680si c44569d44569 00102local4053708TESISaBCbBCcPA_TESISd2019-12-31fTESISl0p33724000006672r2019-12-31 00:00:00tc.2w2019-12-31yTESIS 00102local4051708TESISaBCbBCcPA_TESISd2019-12-31fTESISl0oTesisp-112002r2019-12-31 00:00:00w2019-12-31yTESIS